000 00282nam a22001217a 4500
008 170615b xxu||||| |||| 00| 0 eng d
041 _aeng
080 _a327
100 _a19
101 _aSHP
245 _aTHE INTERNATIONAL DEVELOPMENT ASSOCIATION
_cWEAVER, J.H
942 _2udc
_cBK
999 _c17540
_d17540